000
00329nam a22001457a 4500
008
210430b ||||| |||| 00| 0 eng d
020
_a
053400301X
041
_a
eng
080
_2
2nd
_a
510
082
_a
510
100
_a
38
101
_a
MAT
245
_a
Calculus and Analytic Geometry
_c
Douglas F. Riddle
942
_2
udc
_c
BK
999
_c
57046
_d
57046